000 00258nam a22001097a 4500
082 _a900/MAT
100 _aMathur,Dr. Anuradha
_984006
245 _aHistorical documents & history
260 _aJodhpur
_bBooks treasure
_c2017
650 _aHistory
942 _cBK
999 _c69022
_d69022